000 00610nam a2200241Ia 4500
003 OSt
005 20221005131200.0
006 a|||||r|||| 00| 0
007 ta
008 221004b |||||||| |||| 00| 0 mar d
024 _a40953
037 _cTextual
040 _aCRL
_cCRL
_bmar
041 _2mar
_amar
082 _aO155,3M991w, K2
100 _aSoney guruji Au.
_9639219
245 0 _aShayamchi ai
260 _c1962
300 _a229p.
_ccm.
650 _aMARATHI LITERATURE
_938000
942 _hO155,3M991w, K2
_cTEXL
_2cc
999 _c1059576
_d1059576